Quizzes
Events
Quiz Creation
Community
Videos
Private Events
Remove Ads
Sign In
Join for FREE
Feedback
Dark Mode
Quiz Categories
Sports
Geography
Music
Movies
Television
Just For Fun
Miscellaneous
History
Literature
Language
Science
Gaming
Entertainment
Religion
Holiday
For Kids
Quiz Lab
Recent
Popular Today
Quiz Kudos Today
Editor Picks
Curator Picks
Quizzes by...
Day
Popularity
Type
Ratings
Length
Year
Community
Subscriptions
Recent Discussions
Orange Saloon
Badges
Playlists
Quests
Create
Leaderboards
Showdown
Live 5
Trivia Bingo
Activity
Puzzle Library
Sporcle Events
Private Events
Virtual Trivia
Globe League
Become a Host
Pub Owners
SporcleCon
Opinionation
Our Games
Videos
Blog
Mobile Apps
Partnerships
Remove Ads and Go Orange
Feedback
Sports
Athletes
MLB
NBA
NHL
NFL
Soccer
Sports Teams
WWE
NCAA
Football
Premier League
Basketball
Baseball
Hockey
Golf
Tennis
Cricket
Rugby
Auto Racing
Olympics
World Cup
Sports
Athletes
MLB
NBA
NHL
NFL
Soccer
Sports Teams
WWE
NCAA
Football
Premier League
Basketball
Baseball
Hockey
Golf
Tennis
Cricket
Rugby
Auto Racing
Olympics
World Cup
Random Quiz
Search Sporcle
×
Quiz Lab
Quiz Lab
Sports
Wrestlers
Type in answers that appear in a list
Type in answers that appear in a list
Classic
Best Score? Go Orange.
History of WWF on PPV Part 4 Stats
Can you name the Competitors who've featured on WWF PPV between Summerslam 92 and Summerslam 94 ?
By
dungeonmaster
20m
294 Questions
1,230 Plays
1,230 Plays
1,230 Plays
Comments
Comments
Give Quiz Kudos
Give Quiz Kudos
-
- Ratings
hide this ad
More Info
Replay
Link that replays current quiz
Next Quiz
Link to next quiz in quiz playlist
You Got
0%
They Got
Avg Score
94%
Avg Friend Score
Upgrade to see
Score Distribution
Jump to the score distribution portion of the page
Score
0/294
Timer
20:00
0
Plays Today
Event
Wrestler
% Correct
Summerslam 92
Bret Hart
99.7%
Survivor Series 92
Bret Hart
99.7%
Royal Rumble 93
Bret Hart
99.7%
Wrestlemania IX
Bret Hart
99.7%
King of the Ring 93
Bret Hart
99.7%
King of the Ring 93
Bret Hart
99.7%
King of the Ring 93
Bret Hart
99.7%
Summerslam 93
Bret Hart
99.7%
Summerslam 93
Bret Hart
99.7%
Survivor Series 93
Bret Hart
99.7%
Royal Rumble 94
Bret Hart
99.7%
Royal Rumble 94
Bret Hart
99.7%
Wrestlemania X
Bret Hart
99.7%
Wrestlemania X
Bret Hart
99.7%
King of the Ring 94
Bret Hart
99.7%
Summerslam 94
Bret Hart
99.7%
Survivor Series 92
Owen Hart
99.6%
Royal Rumble 93
Owen Hart
99.6%
Survivor Series 93
Owen Hart
99.6%
Royal Rumble 94
Owen Hart
99.6%
Royal Rumble 94
Owen Hart
99.6%
Wrestlemania X
Owen Hart
99.6%
King of the Ring 94
Owen Hart
99.6%
King of the Ring 94
Owen Hart
99.6%
King of the Ring 94
Owen Hart
99.6%
Summerslam 94
Owen Hart
99.6%
Summerslam 92
Randy Savage
99.4%
Survivor Series 92
Randy Savage
99.4%
Royal Rumble 93
Randy Savage
99.4%
Survivor Series 93
Randy Savage
99.4%
Royal Rumble 94
Randy Savage
99.4%
Wrestlemania X
Randy Savage
99.4%
Summerslam 92
Shawn Michaels
99%
Survivor Series 92
Shawn Michaels
99%
Royal Rumble 93
Shawn Michaels
99%
Wrestlemania IX
Shawn Michaels
99%
King of the Ring 93
Shawn Michaels
99%
Summerslam 93
Shawn Michaels
99%
Survivor Series 93
Keith Hart
99%
Survivor Series 93
Bruce Hart
99%
Survivor Series 93
Shawn Michaels
99%
Royal Rumble 94
Shawn Michaels
99%
Wrestlemania X
Shawn Michaels
99%
Summerslam 92
I.R.S
98.8%
Survivor Series 92
I.R.S
98.8%
Royal Rumble 93
I.R.S
98.8%
Wrestlemania IX
I.R.S
98.8%
King of the Ring 93
I.R.S
98.8%
Summerslam 93
I.R.S
98.8%
Survivor Series 93
I.R.S
98.8%
Royal Rumble 94
I.R.S
98.8%
King of the Ring 94
I.R.S
98.8%
King of the Ring 94
I.R.S
98.8%
Summerslam 94
I.R.S
98.8%
Summerslam 92
Ted Dibiase
98.5%
Survivor Series 92
Ted Dibiase
98.5%
Royal Rumble 93
Ted Dibiase
98.5%
Wrestlemania IX
Ted Dibiase
98.5%
King of the Ring 93
Ted Dibiase
98.5%
Summerslam 93
Ted Dibiase
98.5%
Summerslam 92
The Undertaker
98.5%
Survivor Series 92
The Undertaker
98.5%
Royal Rumble 93
The Undertaker
98.5%
Wrestlemania IX
The Undertaker
98.5%
Summerslam 93
The Undertaker
98.5%
Survivor Series 93
The Undertaker
98.5%
Royal Rumble 94
The Undertaker
98.5%
Summerslam 94
The Undertaker
98.5%
Summerslam 94
The Undertaker
98.5%
Survivor Series 92
Razor Ramon
98%
Royal Rumble 93
Razor Ramon
98%
Wrestlemania IX
Razor Ramon
98%
King of the Ring 93
Razor Ramon
98%
Summerslam 93
Razor Ramon
98%
Survivor Series 93
Razor Ramon
98%
Royal Rumble 94
Razor Ramon
98%
Wrestlemania X
Razor Ramon
98%
King of the Ring 94
Razor Ramon
98%
King of the Ring 94
Razor Ramon
98%
King of the Ring 94
Razor Ramon
98%
Summerslam 94
Razor Ramon
98%
Survivor Series 92
Yokozuna
97.9%
Royal Rumble 93
Yokozuna
97.9%
Wrestlemania IX
Yokozuna
97.9%
Wrestlemania IX
Yokozuna
97.9%
King of the Ring 93
Yokozuna
97.9%
Summerslam 93
Yokozuna
97.9%
Survivor Series 93
Yokozuna
97.9%
Royal Rumble 94
Yokozuna
97.9%
Wrestlemania X
Yokozuna
97.9%
Wrestlemania X
Yokozuna
97.9%
King of the Ring 94
Yokozuna
97.9%
Summerslam 92
Earthquake
97.3%
Summerslam 92
The British Bulldog
97.3%
Survivor Series 92
Big Boss Man
97.3%
Survivor Series 92
Earthquake
97.3%
Royal Rumble 93
Big Boss Man
97.3%
Royal Rumble 93
Earthquake
97.3%
Event
Wrestler
% Correct
Wrestlemania X
Earthquake
97.3%
Wrestlemania IX
Hulk Hogan
97.2%
Wrestlemania IX
Hulk Hogan
97.2%
King of the Ring 93
Hulk Hogan
97.2%
Summerslam 92
Typhoon
97.1%
Survivor Series 92
Typhoon
97.1%
Royal Rumble 93
Typhoon
97.1%
Survivor Series 93
Mo
97.1%
Royal Rumble 94
Mo
97.1%
Wrestlemania X
Mo
97.1%
Survivor Series 92
Ric Flair
96.9%
Royal Rumble 93
Ric Flair
96.9%
Summerslam 92
Hawk
96.7%
Summerslam 92
Animal
96.7%
Royal Rumble 93
Marty Jannetty
96.6%
Summerslam 93
Marty Jannetty
96.6%
Survivor Series 93
Marty Jannetty
96.6%
Royal Rumble 94
Marty Jannetty
96.6%
Survivor Series 92
Mr Perfect
96.5%
Royal Rumble 93
Mr Perfect
96.5%
Wrestlemania IX
Mr Perfect
96.5%
King of the Ring 93
Mr Perfect
96.5%
King of the Ring 93
Mr Perfect
96.5%
Summerslam 93
Mr Perfect
96.5%
Survivor Series 93
Diesel
96.4%
Royal Rumble 94
Diesel
96.4%
King of the Ring 94
Diesel
96.4%
Summerslam 94
Diesel
96.4%
Summerslam 92
The Ultimate Warrior
96.3%
Royal Rumble 93
Bam Bam Bigelow
96.2%
Wrestlemania IX
Lex Luger
96.2%
King of the Ring 93
Bam Bam Bigelow
96.2%
King of the Ring 93
Lex Luger
96.2%
King of the Ring 93
Bam Bam Bigelow
96.2%
Summerslam 93
Bam Bam Bigelow
96.2%
Summerslam 93
Lex Luger
96.2%
Survivor Series 93
Bam Bam Bigelow
96.2%
Survivor Series 93
Lex Luger
96.2%
Royal Rumble 94
Bam Bam Bigelow
96.2%
Royal Rumble 94
Bam Bam Bigelow
96.2%
Royal Rumble 94
Lex Luger
96.2%
Wrestlemania X
Bam Bam Bigelow
96.2%
Wrestlemania X
Lex Luger
96.2%
King of the Ring 94
Bam Bam Bigelow
96.2%
Summerslam 94
Bam Bam Bigelow
96.2%
Summerslam 94
Lex Luger
96.2%
Summerslam 92
Rick Martel
96%
Survivor Series 92
Rick Martel
96%
Royal Rumble 93
Rick Martel
96%
Survivor Series 93
Rick Martel
96%
Royal Rumble 94
Rick Martel
96%
Summerslam 92
Crush
95.6%
Survivor Series 92
Tatanka
95.6%
Royal Rumble 93
Tatanka
95.6%
Wrestlemania IX
Tatanka
95.6%
Wrestlemania IX
Crush
95.6%
King of the Ring 93
Tatanka
95.6%
King of the Ring 93
Crush
95.6%
Summerslam 93
Tatanka
95.6%
Survivor Series 93
Crush
95.6%
Royal Rumble 94
Tatanka
95.6%
Royal Rumble 94
Crush
95.6%
Royal Rumble 94
Tatanka
95.6%
Wrestlemania X
Crush
95.6%
King of the Ring 94
Tatanka
95.6%
King of the Ring 94
Crush
95.6%
Summerslam 94
Tatanka
95.6%
Survivor Series 93
Mabel
95.4%
Royal Rumble 94
Mabel
95.4%
Wrestlemania X
Mabel
95.4%
King of the Ring 94
Mabel
95.4%
Summerslam 94
Mabel
95.4%
Royal Rumble 93
Scott Steiner
95.2%
Royal Rumble 93
Rick Steiner
95.2%
Wrestlemania IX
Scott Steiner
95.2%
Wrestlemania IX
Rick Steiner
95.2%
King of the Ring 93
Rick Steiner
95.2%
King of the Ring 93
Scott Steiner
95.2%
Summerslam 93
Rick Steiner
95.2%
Summerslam 93
Scott Steiner
95.2%
Survivor Series 93
Scott Steiner
95.2%
Survivor Series 93
Rick Steiner
95.2%
Royal Rumble 94
Scott Steiner
95.2%
Royal Rumble 94
Rick Steiner
95.2%
Summerslam 92
Kamala
95%
Survivor Series 92
Kamala
95%
Royal Rumble 93
Jerry Lawler
95%
Summerslam 93
Jerry Lawler
95%
King of the Ring 94
Jerry Lawler
95%
Summerslam 93
1-2-3 Kid
94.6%
Survivor Series 93
1-2-3 Kid
94.6%
King of the Ring 94
1-2-3 Kid
94.6%
King of the Ring 94
1-2-3 Kid
94.6%
Summerslam 92
Virgil
94.5%
Survivor Series 92
Virgil
94.5%
Royal Rumble 93
Virgil
94.5%
Royal Rumble 94
Virgil
94.5%
Wrestlemania IX
Doink the Clown
94.1%
Event
Wrestler
% Correct
Summerslam 93
Doink The Clown
94.1%
Royal Rumble 94
Doink the Clown
94.1%
Wrestlemania X
Doink the Clown
94.1%
Summerslam 92
Beau Beverly
94%
Summerslam 92
Blake Beverly
94%
Survivor Series 92
Beau Beverly
94%
Survivor Series 92
Blake Beverly
94%
Survivor Series 92
Fatu
93.9%
Royal Rumble 93
Fatu
93.9%
Wrestlemania IX
Fatu
93.9%
King of the Ring 93
Fatu
93.9%
Summerslam 93
Fatu
93.9%
Survivor Series 93
Fatu
93.9%
Survivor Series 93
Quebecer Jacques
93.9%
Royal Rumble 94
Quebecer Jacques
93.9%
Royal Rumble 94
Fatu
93.9%
Wrestlemania X
Quebecer Jacques
93.9%
King of the Ring 94
Fatu
93.9%
Summerslam 94
Fatu
93.9%
Royal Rumble 93
Beau Beverly
93.7%
Royal Rumble 93
Blake Beverly
93.7%
Summerslam 92
Nailz
93.6%
Survivor Series 92
Nailz
93.6%
Survivor Series 92
Samu
93.4%
Royal Rumble 93
Samu
93.4%
Wrestlemania IX
Samu
93.4%
Wrestlemania IX
Brutus Beefcake
93.4%
King of the Ring 93
Samu
93.4%
Summerslam 93
Samu
93.4%
Survivor Series 93
The Blue Knight
93.4%
Survivor Series 93
Samu
93.4%
Royal Rumble 94
Samu
93.4%
Royal Rumble 94
Greg Valentine
93.4%
King of the Ring 94
Samu
93.4%
Summerslam 94
Samu
93.4%
Wrestlemania IX
Giant Gonzalez
93.3%
Summerslam 93
Giant Gonzalez
93.3%
Survivor Series 92
Sags
92.7%
Royal Rumble 93
Sags
92.7%
Survivor Series 93
Luke
92.7%
Survivor Series 92
Koko B Ware
92.6%
Royal Rumble 93
Koko B Ware
92.6%
Survivor Series 93
Butch
92.6%
Survivor Series 92
Knobs
92.5%
Royal Rumble 93
Knobs
92.5%
Royal Rumble 93
Bob Backlund
92.3%
Wrestlemania IX
Bob Backlund
92.3%
Royal Rumble 94
Bob Backlund
92.3%
Royal Rumble 94
Quebecer Pierre
91.9%
Wrestlemania X
Quebecer Pierre
91.9%
King of the Ring 94
Roddy Piper
91.8%
Summerslam 92
Repo Man
91%
Royal Rumble 93
Repo Man
91%
Wrestlemania X
Alundra Blayze
91%
Summerslam 94
Alundra Blayze
91%
King of the Ring 93
Billy Gunn
90.8%
King of the Ring 93
Bart Gunn
90.8%
Summerslam 93
Billy Gunn
90.8%
Summerslam 93
Bart Gunn
90.8%
Royal Rumble 94
Bart Gunn
90.8%
Royal Rumble 94
Billy Gunn
90.8%
Survivor Series 93
Adam Bomb
90.7%
Royal Rumble 94
Adam Bomb
90.7%
Wrestlemania X
Adam Bomb
90.7%
Survivor Series 93
The Red Knight
90.6%
Wrestlemania X
Dink
90.3%
Survivor Series 93
The Black Knight
89.7%
Summerslam 93
Ludvig Borga
89.4%
Survivor Series 93
Ludvig Borga
89.4%
Wrestlemania X
Luna Vachon
88.8%
Survivor Series 93
Ricky Morton
88.3%
Royal Rumble 94
Jeff Jarrett
88.1%
King of the Ring 94
Jeff Jarrett
88.1%
Summerslam 94
Jeff Jarrett
88.1%
Summerslam 93
Jimmy Del Ray
87.9%
Survivor Series 93
Jimmy Del Ray
87.9%
Summerslam 93
Tom Prichard
87.5%
Survivor Series 93
Tom Prichard
87.5%
Survivor Series 93
Robert Gibson
87.4%
Summerslam 94
Bull Nakano
84.1%
Wrestlemania X
Leilani Kai
83.6%
Survivor Series 93
Bastion Booger
83.2%
Royal Rumble 94
Bastion Booger
83.2%
King of the Ring 93
Jim Duggan
82.3%
King of the Ring 93
Mr Hughes
78.1%
Royal Rumble 93
El Matador
77.1%
Royal Rumble 93
Tenryu
72.2%
Royal Rumble 94
Tenryu
72.2%
Royal Rumble 93
The Berzerker
72.1%
Royal Rumble 93
Skinner
72%
Royal Rumble 93
Papa Shango
71.3%
Royal Rumble 93
Damien Demento
70.2%
Royal Rumble 93
Carlos Colon
69.7%
Royal Rumble 94
Kwang
68.4%
Royal Rumble 94
Sparky Plugg
68.3%
Royal Rumble 93
Max Moon
67.5%
Royal Rumble 94
The Great Kabuki
65%
Royal Rumble 93
Terry Taylor
61.2%
Quiz Playlist
Details
Report
Send in Message
Add To Playlist
More Info:
Enter the names of ANY person who’s been in a match in the events below in order to complete the individual cards
Classic:
Type in answers that appear in a list
Last Updated: Feb 16, 2017
Quiz Scoreboard
CHALLENGE
Sign Up to Join the Scoreboard
Show All
Scores
Hide
Comments
May contain spoilers
Recently Published
An Introduction to Baseball
by treessimontrees
Sports
5m
Movies - When Are They Set?
by FPL_Elf
Movies
5m
Popular People in 1961
by mucciniale
History
6m
More to Explore
Quiz From the Vault
Featured Blog Post
Where Did the Easter Bunny Come From?
hide this ad
You Might Also Like...
Tags
Between
competitor
Event
Featured
Matching
PPV
Summerslam
Wrestlers
WWF
Today's Top Quizzes in Sports
Browse Sports
hide this ad
Today's Top Quizzes in Wrestlers
Browse Wrestlers
Top Contributed Quizzes in Sports
1
Les meilleurs buteurs des matchs entre le PSG et l’OM
2
2022 World Cup Stars
3
FIFA Club World Cup Champions
4
Les entraîneurs de l'OM et du PSG au 21e siècle
5
Name the Premier League winners with different clubs
6
La finale Lions - Afrique du Sud 2021
7
England Test cricketers to play under Nasser Hussain
8
5-to-1: UK Sports Teams
9
Les joueurs passés par le LOSC et le RC Lens
10
Criteria MLB: Left Handed Sluggers
Explore More
Trending Topics
Marvel
Anime
Disney
Crossword
NBA
Kpop
Harry Potter
Puzzle
Country
Pokémon
Song
Soccer
The Office
WWE
NFL
hide this ad
More By:
dungeonmaster
Quiz
Plays
Rating
Category
Featured
Created
Every Movie that has won an Acting Oscar
6,101
4.35
Movies
Jun 1, 2011
Every WWE Title Holder ever
4,742
4.47
Sports
May 24, 2011
Total Film's Top 200 Performances of All Time
1,840
4.31
Movies
Apr 25, 2012
Every Male Particpant in a 1990s WWF PPV
1,781
4.00
Sports
Feb 14, 2012
History of WWF on PPV Part 3
1,390
4.75
Sports
Oct 22, 2012
Go to Creator's Profile
Score Distribution
Quiz Creator Spotlight
dungeonmaster
Follow
Send a Message
Quizzes Created
-
Created Quiz Play Count
-
More By This Creator
Popular Quizzes Today
1
Find the Countries of Europe - No Outlines Minefield
2
Find the US States - No Outlines Minefield
3
The Countries of the World
4
Popular People in 1961
5
Find the US States
6
US States
7
1-10 Letter E Words III
8
Risky Map Clicking: Biggest States A-Z
More Sports Quizzes
Lionel Messi's 4+ Goals XI's
Editor's Pick
Trending Quizzes
Risky Map Clicking: Least Populous States A-Z
1-10 Letter F Words
1-10 Letter G Words
One Thing in Common: United Kingdom
Risky Map Clicking: Next State Alphabetically
Recently Updated
Leaping Animals
pecheneg
Reality TV Shows (A-Z)
bhenderson79
Rickey Henderson's Hall of Fame Teammates
pecheneg
Champions League XIs: Arsenal
pecheneg
Quick Pick: Celebrities in WWE's Hall of Fame
aduchscher
A-Z Keypad Blitz II
pecheneg
Multiple Oscar Actors
pecheneg
Mystery Phrase Blitz: Oscar 'Best Actors'
pecheneg
F. Scott Fitzgerald Novels
LTH
Pick 3 Villains
ddd62291
Trending Topics
Crossword
NBA
Harry Potter
Kpop
Disney
Anime
Marvel
WWE
Pokémon
Soccer
Song
Puzzle
Country
The Office
NFL
Your Account Isn't Verified!
In order to create a playlist on Sporcle, you need to verify the email address you used during registration. Go to your
Sporcle Settings
to finish the process.
Report this User
Report this user for behavior that violates our
Community Guidelines
.
Details:
Send Report
Go to the Sporcle.com Mobile Site →
Comments